| 000 | 00444nam a2200169Ia 4500 | ||
|---|---|---|---|
| 008 | 151213s9999 xx 000 0 und d | ||
| 020 | _a0-17-62-2459-9 | ||
| 100 | _aKenneth *& Monica | ||
| 245 |
_aStrategic Human Resource Planning _cKenneth *& Monica |
||
| 250 | _a2nd | ||
| 260 |
_aNew York _bThomson Nelson _c2004 |
||
| 300 | _a6510 p. | ||
| 650 | _aManagement | ||
| 650 | _aManagement | ||
| 700 | _aKenneth *& Monica | ||
| 999 |
_c3600 _d3600 |
||